Revista de Direito da Cidade

Bibliographic Details
Format: eBook
Language:Portuguese
Published: Barcelona: Editorial vLex, 2006 -
Subjects:
Online Access:Acceso restringido

MARC

LEADER 00000nam a22000007a 4500
005 20210616223630.0
007 cr|||| ||||
008 210616c20069999br fr|w s|||| 0|||b1por d
022 |a 1809-6077 
035 |a 32384 
040 |a vLex 
090 |c 11793  |d 11793 
245 0 0 |a Revista de Direito da Cidade  |h [Recurso electrn̤ico] / 
256 |a Servicio en ln̕ea 
260 |a Barcelona:  |b Editorial vLex,  |c 2006 - 
300 |a 1 recurso electrn̤ico 
310 |a Semestral 
362 |a Nð 1-1 (Jun. 2006) 
506 1 |a Disponible solo en los productos indicados  |d vLex Global  |d vLex Global (Academic Edition, excluding Law Schools)  |d vLex Global (U.S. Academic Edition, Law Schools)  |d vLex Global (U.S. Academic Edition, excluding Law Schools)  |d vLex Global (Academic Edition, Law Schools) 
650 0 4 |a Derecho Pb︢lico y Administrativo  |z Brasil 
740 0 |a vLex Revistas (Servicio en ln̕ea) 
856 4 0 |u https://vlex.com/source/revista-direito-cidade-32384  |z Acceso restringido 
942 |c REV 
999 0 |a Public and Administrative Law